The cambridge history of the English language (0 521 26479 0)
Saved in:
| Main Author: | |
|---|---|
| Format: | Book |
| Language: | Undetermined |
| Published: |
Cambridge
2001
|
| Tags: |
Add Tag
No Tags, Be the first to tag this record!
|
| Institutions: | Trung tâm Học liệu Trường Đại học Cần Thơ |
|---|
| LEADER | 00560nam a2200145Ia 4500 | ||
|---|---|---|---|
| 001 | CTU_49223 | ||
| 008 | 210402s9999 xx 000 0 und d | ||
| 082 | |a 420.9 | ||
| 082 | |b C178/Vol.6 | ||
| 100 | |a The cambridge history of the English language (0 521 26479 0) | ||
| 245 | 4 | |a The cambridge history of the English language (0 521 26479 0) | |
| 245 | 4 | |c The cambridge history of the English language (0 521 26479 0); Biên tập, hiệu đính: John Algeo | |
| 260 | |b Cambridge | ||
| 260 | |c 2001 | ||
| 980 | |a Trung tâm Học liệu Trường Đại học Cần Thơ | ||